[Event "Heart of Finland op 31st"]
[Site "Jyvaskyla"]
[Date "2023.07.19"]
[Round "4"]
[White "Lonnqvist, Henrik"]
[Black "Suominen, Antti"]
[Result "1/2-1/2"]
[WhiteElo "2034"]
[BlackElo "1927"]
[PlyCount "89"]
[EventDate "2023.07.17"]
[EventType "swiss"]
[EventRounds "9"]
[EventCountry "FIN"]
[SourceTitle "CBM 215 Extra"]
[Source "ChessBase"]
[SourceDate "2023.09.30"]
[SourceVersion "1"]
[SourceVersionDate "2023.09.30"]
[SourceQuality "1"]

1. e4 c5 2. Nf3 e6 3. d4 cxd4 4. Nxd4 a6 5. Nc3 Qc7 6. g3 Nf6 7. Bg2 Nc6 8. 0-0 Be7 9. Be3 0-0 10. Qe2 Ne5 11. Rad1 d6 12. Kh1 Bd7 13. f4 Nc4 14. Bc1 Rac8 15. g4 b5 16. g5 Ne8 17. Rd3 g6 18. a3 f6 19. f5 Ng7 20. fxe6 Nxe6 21. Nd5 Qd8 22. Nxe6 Bxe6 23. gxf6 Bxf6 24. Nxf6+ Rxf6 25. Rxf6 Qxf6 26. b3 Qa1 27. Qd1 Nxa3 28. Rxd6 Nxc2 29. Rd8+ Rxd8 30. Qxd8+ Kg7 31. Qc7+ Bf7 32. Qxc2 Bxb3 33. Qb2+ Qxb2 34. Bxb2+ Kf7 35. Bc3 Ke6 36. Bh3+ Kd6 37. Bc8 Kc5 38. Bxa6 Be6 39. Kg2 Kb6 40. Bxb5 Kxb5 41. Kf3 Kc4 42. Bf6 Kd3 43. Kf4 Bd7 44. Bg7 g5+ 45. Kxg5 1/2-1/2

[Event "Heart of Finland op 31st"]
[Site "Jyvaskyla"]
[Date "2023.07.17"]
[Round "1"]
[White "Luukkonen, Tommi"]
[Black "Suominen, Antti"]
[Result "1-0"]
[WhiteElo "2279"]
[BlackElo "1927"]
[PlyCount "75"]
[EventDate "2023.07.17"]
[EventType "swiss"]
[EventRounds "9"]
[EventCountry "FIN"]
[SourceTitle "CBM 215 Extra"]
[Source "ChessBase"]
[SourceDate "2023.09.30"]
[SourceVersion "1"]
[SourceVersionDate "2023.09.30"]
[SourceQuality "1"]

1. e4 c6 2. Nc3 d5 3. Nf3 Bg4 4. h3 Bxf3 5. Qxf3 e6 6. d3 Nf6 7. Bd2 Bb4 8. a3 Ba5 9. e5 Nfd7 10. Qg3 Kf8 11. d4 c5 12. dxc5 d4 13. Ne4 Bxd2+ 14. Kxd2 Qc7 15. b4 a5 16. Bd3 Nxe5 17. Rhe1 Nbd7 18. Nd6 b6 19. Nb5 Qb8 20. Be4 Nc4+ 21. Kd1 Qxg3 22. fxg3 Rd8 23. c6 Nde5 24. c7 Re8 25. Bb7 Ke7 26. Na7 Ne3+ 27. Kc1 Kd7 28. c8Q+ Rxc8 29. Bxc8+ Rxc8 30. Nxc8 Kxc8 31. bxa5 bxa5 32. Kd2 N5c4+ 33. Ke2 Nxg2 34. Rec1 Nge3 35. c3 e5 36. cxd4 exd4 37. Rxc4+ Nxc4 38. Rc1 1-0

[Event "Helsinki MatSK op"]
[Site "Helsinki"]
[Date "2020.02.21"]
[Round "2"]
[White "Suominen, Antti"]
[Black "Rinne, Heini"]
[Result "1/2-1/2"]
[WhiteElo "1979"]
[BlackElo "1792"]
[PlyCount "103"]
[EventDate "2020.02.21"]
[EventType "swiss"]
[EventRounds "7"]
[EventCountry "FIN"]
[SourceTitle "CBM 195 Extra"]
[Source "ChessBase"]
[SourceDate "2020.05.31"]
[SourceVersion "1"]
[SourceVersionDate "2020.05.31"]
[SourceQuality "1"]

1. e4 c6 2. d4 d5 3. exd5 cxd5 4. c4 Nf6 5. Nc3 Nc6 6. Nf3 e6 7. c5 Be7 8. Bb5 Bd7 9. a3 0-0 10. b4 Ne4 11. Bb2 Bf6 12. Bxc6 Bxc6 13. 0-0 b6 14. Qe2 bxc5 15. bxc5 a6 16. Rfd1 Qa5 17. Qd3 Rab8 18. Rab1 Rb3 19. Rdc1 Rfb8 20. Qc2 Nxc3 21. Bxc3 Qb5 22. Rxb3 Qxb3 23. Qxb3 Rxb3 24. Ne5 Bxe5 25. dxe5 Rxa3 26. Rb1 h6 27. Bd4 Ra4 28. Be3 Rc4 29. Rb6 Bb5 30. h3 Kh7 31. Rb7 Kg6 32. Kh2 d4 33. Bd2 Rxc5 34. f4 Rc2 35. Ba5 Bf1 36. Rb1 Bxg2 37. Rg1 Kf5 38. Rxg2 Rxg2+ 39. Kxg2 Kxf4 40. Bc7 a5 41. Kf2 a4 42. Bd6 d3 43. Ke1 a3 44. Bxa3 Kxe5 45. Bb2+ Kf4 46. Bxg7 Kg3 47. Bxh6 Kxh3 48. Kd2 Kg4 49. Kxd3 Kf3 50. Kd4 f6 51. Bg7 e5+ 52. Kd5 1/2-1/2

[Event "FIN-ch rapid"]
[Site "Helsinki"]
[Date "2019.08.24"]
[Round "9"]
[White "Lehtela, Antti"]
[Black "Suominen, Antti"]
[Result "0-1"]
[WhiteElo "1630"]
[BlackElo "1979"]
[PlyCount "132"]
[EventDate "2019.08.24"]
[EventType "swiss (rapid)"]
[EventRounds "9"]
[EventCountry "FIN"]
[SourceTitle "EXT 2020"]
[Source "ChessBase"]
[SourceDate "2019.10.17"]
[SourceVersion "1"]
[SourceVersionDate "2019.10.17"]
[SourceQuality "1"]

1. d4 Nf6 2. c4 g6 3. Nc3 d5 4. cxd5 Nxd5 5. e4 Nxc3 6. bxc3 Bg7 7. Be3 c5 8. Bc4 Nc6 9. Ne2 0-0 10. 0-0 Bg4 11. f3 Na5 12. Bxf7+ Rxf7 13. fxg4 Rxf1+ 14. Qxf1 Nc4 15. Qf2 Qd7 16. h3 Rf8 17. Qg3 Qa4 18. Bf2 Qc2 19. Nf4 Qxe4 20. Nd3 cxd4 21. Re1 Ne3 22. Nc5 Qd5 23. Bxe3 dxe3 24. Qxe3 Rc8 25. Qe6+ Qxe6 26. Nxe6 Bxc3 27. Re2 h6 28. Nf4 Kf7 29. Nd5 Bd4+ 30. Kh2 e5 31. h4 Rc5 32. Nb4 Rc4 33. Nd3 Ba1 34. Nxe5+ Bxe5+ 35. Rxe5 Rxg4 36. Kh3 Ra4 37. Re2 h5 38. g3 Ra3 39. Rb2 b6 40. Kg2 Ke6 41. Rc2 Kf5 42. Rf2+ Ke4 43. Rf4+ Ke5 44. Rf2 b5 45. Rc2 Kd4 46. Rf2 a5 47. g4 hxg4 48. Rf4+ Ke5 49. Rf2 b4 50. Rc2 Kd4 51. Rf2 Ke4 52. Re2+ Re3 53. Rc2 Rh3 54. Rc4+ Kf5 55. Rc5+ Kf4 56. Rc4+ Ke3 57. Rxg4 Rf3 58. Rxg6 Rf2+ 59. Kg3 Rxa2 60. h5 Ra1 61. Rg4 Rg1+ 62. Kh4 Rh1+ 63. Kg5 b3 64. Rh4 Rxh4 65. Kxh4 b2 66. h6 b1Q 0-1

[Event "FIN-ch rapid"]
[Site "Helsinki"]
[Date "2019.08.24"]
[Round "7"]
[White "Tuovinen, Jukka"]
[Black "Suominen, Antti"]
[Result "1-0"]
[WhiteElo "1984"]
[BlackElo "1979"]
[PlyCount "73"]
[EventDate "2019.08.24"]
[EventType "swiss (rapid)"]
[EventRounds "9"]
[EventCountry "FIN"]
[SourceTitle "EXT 2020"]
[Source "ChessBase"]
[SourceDate "2019.10.17"]
[SourceVersion "1"]
[SourceVersionDate "2019.10.17"]
[SourceQuality "1"]

1. e4 c5 2. c3 Nf6 3. e5 Nd5 4. d4 cxd4 5. Qxd4 e6 6. Nf3 Nc6 7. Qe4 f5 8. Qe2 Bc5 9. g3 b6 10. b4 Be7 11. Bg2 Nc7 12. 0-0 Ba6 13. c4 Bxb4 14. Rd1 0-0 15. Bb2 Na5 16. Nbd2 Rc8 17. Rac1 Qe7 18. Bf1 f4 19. g4 Ne8 20. Qe4 Bb7 21. Qb1 Bxd2 22. Nxd2 f3 23. Ne4 Qh4 24. h3 h5 25. Ng3 hxg4 26. Rd4 Qe7 27. Rxg4 Nc6 28. Qg6 Qf7 29. Qg5 Nc7 30. Nh5 Ne8 31. Bd3 Nb4 32. Bb1 Rc7 33. Kh1 d5 34. Rcg1 Nc6 35. Qh4 d4 36. Nxg7 Nxg7 37. Qh7# 1-0

[Event "Helsinki MatSK op"]
[Site "Helsinki"]
[Date "2019.02.24"]
[Round "6"]
[White "Suominen, Antti"]
[Black "Koskinen, Hannu E"]
[Result "1-0"]
[WhiteElo "1989"]
[BlackElo "1888"]
[PlyCount "73"]
[EventDate "2019.02.22"]
[EventType "swiss"]
[EventRounds "7"]
[EventCountry "FIN"]
[SourceTitle "CBM 189 Extra"]
[Source "ChessBase"]
[SourceDate "2019.06.03"]
[SourceVersion "1"]
[SourceVersionDate "2019.06.03"]
[SourceQuality "1"]

1. e4 d6 2. d4 Nf6 3. Nc3 g6 4. f4 Bg7 5. Nf3 0-0 6. Bd3 Na6 7. e5 Nd7 8. Ne4 d5 9. Ng3 e6 10. h4 c5 11. c3 cxd4 12. cxd4 Nb4 13. h5 Nxd3+ 14. Qxd3 Re8 15. Bd2 Qb6 16. Kf2 Nf8 17. Ng5 f5 18. exf6 Bxf6 19. Bc3 Bxg5 20. fxg5 e5 21. hxg6 e4 22. gxh7+ Nxh7 23. Qe3 Rf8+ 24. Ke2 Bg4+ 25. Kd2 Bf5 26. Nxf5 Rxf5 27. Rxh7 Raf8 28. Rah1 Qb5 29. Rh8+ Kf7 30. g6+ Ke7 31. Rxf8 Rxf8 32. g7 Rg8 33. Qg5+ Kf7 34. Qf5+ Ke7 35. Qe5+ Kf7 36. Qf5+ Ke7 37. Rf1 1-0

[Event "Helsinki MatSK op"]
[Site "Helsinki"]
[Date "2019.02.23"]
[Round "4"]
[White "Suominen, Antti"]
[Black "Wartiovaara, Oliver"]
[Result "0-1"]
[WhiteElo "1989"]
[BlackElo "2021"]
[PlyCount "48"]
[EventDate "2019.02.22"]
[EventType "swiss"]
[EventRounds "7"]
[EventCountry "FIN"]
[SourceTitle "CBM 189 Extra"]
[Source "ChessBase"]
[SourceDate "2019.06.03"]
[SourceVersion "1"]
[SourceVersionDate "2019.06.03"]
[SourceQuality "1"]

1. e4 c5 2. d4 cxd4 3. c3 dxc3 4. Nxc3 Nc6 5. Nf3 e6 6. Bc4 a6 7. 0-0 b5 8. Bb3 Nge7 9. Bg5 f6 10. Be3 Na5 11. Nd5 exd5 12. exd5 Nxb3 13. axb3 d6 14. Re1 Bg4 15. h3 Bxf3 16. Qxf3 Kf7 17. Rac1 g6 18. Qe4 Qd7 19. Bd4 Bg7 20. Rc6 Rhe8 21. Rc7 Qxc7 22. Qe6+ Kf8 23. Bxf6 Nf5 24. Bxg7+ Qxg7 0-1

[Event "FIN-chT1B 1819"]
[Site "Finland"]
[Date "2018.12.08"]
[Round "4.7"]
[White "Suominen, Antti"]
[Black "Pitkanen, Jorma"]
[Result "1/2-1/2"]
[WhiteElo "1987"]
[BlackElo "1929"]
[PlyCount "99"]
[EventDate "2018.09.15"]
[EventType "team-tourn"]
[EventRounds "7"]
[EventCountry "FIN"]
[SourceTitle "EXT 2020"]
[Source "ChessBase"]
[SourceDate "2019.10.17"]
[SourceVersion "1"]
[SourceVersionDate "2019.10.17"]
[SourceQuality "1"]
[WhiteTeam "Helsinki KSK"]
[BlackTeam "Lahti S"]
[WhiteTeamCountry "FIN"]
[BlackTeamCountry "FIN"]

1. e4 c5 2. d4 cxd4 3. c3 dxc3 4. Nxc3 e6 5. Nf3 Nc6 6. Bc4 Bb4 7. Qc2 Nge7 8. 0-0 Ng6 9. Rd1 0-0 10. Bg5 Be7 11. Be3 a6 12. Nd4 Nxd4 13. Bxd4 b5 14. Bd3 e5 15. Be3 Bb7 16. Bf1 Rc8 17. Qd3 d6 18. Rac1 Qd7 19. Nd5 Bxd5 20. Qxd5 Rxc1 21. Rxc1 Rc8 22. Rxc8+ Qxc8 23. a4 bxa4 24. Bc4 Nh8 25. g3 h6 26. Qd3 Qb7 27. Qc2 a5 28. Bd5 Qb5 29. Bd2 Bd8 30. Qc8 Qb6 31. Qd7 Kh7 32. Bc3 Qc7 33. Qxa4 Qc5 34. Qe8 Bb6 35. Be1 Qc7 36. Bd2 Qa7 37. Be1 Qc7 38. Bc3 Qc5 39. Be1 Qc1 40. Kf1 Qb1 41. Qb5 Bd4 42. Qxa5 Qxb2 43. Kg2 Bc5 44. Qc7 Qe2 45. Qa5 g6 46. Qc3 Bd4 47. Qb4 Bc5 48. Qc3 Bd4 49. Qb4 Bc5 50. Qc3 1/2-1/2

[Event "FIN-chT1B 1819"]
[Site "Finland"]
[Date "2018.11.11"]
[Round "3.8"]
[White "Suominen, Antti"]
[Black "Tolonen, Mikko"]
[Result "1/2-1/2"]
[WhiteElo "1987"]
[BlackElo "2030"]
[PlyCount "102"]
[EventDate "2018.09.15"]
[EventType "team-tourn"]
[EventRounds "7"]
[EventCountry "FIN"]
[SourceTitle "EXT 2020"]
[Source "ChessBase"]
[SourceDate "2019.10.17"]
[SourceVersion "1"]
[SourceVersionDate "2019.10.17"]
[SourceQuality "1"]
[WhiteTeam "Helsinki KSK"]
[BlackTeam "Espoo MatSK II"]
[WhiteTeamCountry "FIN"]
[BlackTeamCountry "FIN"]

1. e4 e6 2. d4 d5 3. Nd2 Nc6 4. Ngf3 Nf6 5. e5 Nd7 6. c3 f6 7. exf6 Qxf6 8. Bb5 Bd6 9. 0-0 0-0 10. Nb3 e5 11. dxe5 Ndxe5 12. Be2 Ne7 13. Be3 c6 14. Bc5 Bc7 15. Nbd2 b6 16. Bd4 N7g6 17. b4 Qd6 18. g3 c5 19. Bxe5 Nxe5 20. Nxe5 Qxe5 21. Nf3 Qd6 22. Nh4 Bh3 23. Re1 Rad8 24. Bg4 Bxg4 25. Qxg4 Rde8 26. Rad1 Bd8 27. Nf5 Qf6 28. Rxe8 Rxe8 29. Rxd5 Qxc3 30. Nh6+ Kf8 31. Qf5+ Bf6 32. Ng4 cxb4 33. Nxf6 gxf6 34. Qxh7 Qc1+ 35. Kg2 Qc6 36. Qd7 Re6 37. Qxc6 Rxc6 38. Rd7 a5 39. Rb7 Rc2 40. Rxb6 Rxa2 41. Rxf6+ Kg7 42. Rb6 Ra3 43. h4 b3 44. g4 a4 45. h5 Ra2 46. g5 Rc2 47. h6+ Kg8 48. Rb8+ Kh7 49. Rb7+ Kg8 50. Rb8+ Kh7 51. Rb7+ Kg8 1/2-1/2

[Event "Helsinki LauttSSK op"]
[Site "Helsinki"]
[Date "2018.10.20"]
[Round "2"]
[White "Penttila, Tero"]
[Black "Suominen, Antti"]
[Result "0-1"]
[WhiteElo "2014"]
[BlackElo "1976"]
[PlyCount "168"]
[EventDate "2018.10.20"]
[EventType "swiss"]
[EventRounds "4"]
[EventCountry "FIN"]
[SourceTitle "EXT 2021"]
[Source "ChessBase"]
[SourceDate "2020.10.23"]
[SourceVersion "1"]
[SourceVersionDate "2020.10.23"]
[SourceQuality "1"]

1. e4 c6 2. d4 d5 3. f3 e5 4. dxe5 Bc5 5. exd5 Qb6 6. Nh3 Bxh3 7. gxh3 Bf2+ 8. Ke2 cxd5 9. Qxd5 Nc6 10. c3 Bh4 11. Nd2 Qf2+ 12. Kd1 Nge7 13. Qe4 0-0-0 14. Qe2 Qc5 15. Qb5 Qe3 16. Qe2 Nf5 17. Qxe3 Nxe3+ 18. Ke2 Nc2 19. Rb1 Nxe5 20. Ne4 f5 21. Ng3 Rhe8 22. Kf2 Rd1 23. f4 Nd3+ 24. Bxd3 Rxh1 25. Bxf5+ Kc7 26. Kg2 Rhe1 27. Bxc2 Bxg3 28. Kxg3 Rg1+ 29. Kh4 Ree1 30. Bxh7 Rxc1 31. Rxc1 Rxc1 32. Bf5 Rg1 33. a4 Kd6 34. Bg4 Rg2 35. b3 Rb2 36. Bd1 Rxh2 37. Bf3 b6 38. Be4 Re2 39. Bd3 Re3 40. Bc4 Ke7 41. Kg4 Kf6 42. Bb5 Rxc3 43. Bc4 Rc1 44. Bg8 Rg1+ 45. Kf3 Kf5 46. Bc4 Rh1 47. Bd3+ Ke6 48. Bc4+ Kd6 49. Kg4 Kc5 50. h4 Kd4 51. Bf7 Ke4 52. Bg6+ Ke3 53. h5 Rg1+ 54. Kf5 Rf1 55. Ke5 Rxf4 56. Kd5 Rb4 57. Ke6 Rf4 58. Kd5 Rf6 59. Ke5 Kd2 60. Kd4 Rc6 61. Bf7 a5 62. Be8 Rf6 63. Bb5 Rf5 64. Be8 Rf4+ 65. Kd5 Kc3 66. Ke5 Rf1 67. Bb5 Rb1 68. Bc4 Rg1 69. Kd6 Rg5 70. Bf7 Kb4 71. Ke7 Rg3 72. Kf8 Rg1 73. Bg6 Kxb3 74. Kxg7 Kxa4 75. h6 Rh1 76. h7 Kb3 77. h8Q Rxh8 78. Kxh8 a4 79. Kg7 b5 80. Kf6 a3 81. Ke5 a2 82. Bf7+ Kb2 83. Bxa2 Kxa2 84. Kd4 b4 0-1

[Event "Helsinki We HSK syksy"]
[Site "Helsinki"]
[Date "2017.08.25"]
[Round "1"]
[White "Suominen, Antti"]
[Black "Mansner, Harry"]
[Result "1-0"]
[WhiteElo "1984"]
[BlackElo "2280"]
[PlyCount "85"]
[EventDate "2017.08.25"]
[EventType "swiss"]
[EventRounds "5"]
[EventCountry "FIN"]
[SourceTitle "EXT 2022"]
[Source "ChessBase"]
[SourceDate "2021.10.06"]
[SourceVersion "1"]
[SourceVersionDate "2021.10.06"]
[SourceQuality "1"]

1. e4 c5 2. d4 cxd4 3. c3 Nf6 4. e5 Nd5 5. Nf3 Nc6 6. Bc4 Nb6 7. Bb3 d6 8. exd6 Bf5 9. Nxd4 Nxd4 10. Qxd4 Qxd6 11. Qxd6 exd6 12. 0-0 d5 13. Be3 0-0-0 14. Rd1 Be7 15. Bxb6 axb6 16. Rxd5 Rxd5 17. Bxd5 Rd8 18. c4 b5 19. Nc3 b4 20. Nb5 Bf6 21. Rd1 Bc2 22. Rc1 Bd3 23. b3 Bg5 24. Rd1 Rxd5 25. Na7+ Kb8 26. cxd5 Ba6 27. d6 Kxa7 28. d7 Bd8 29. Rc1 Bd3 30. Rc8 Bf6 31. d8Q Bxd8 32. Rxd8 Bb1 33. Rd1 Bc2 34. Rd4 Bb1 35. Rxb4 f5 36. f3 b6 37. Kf2 g5 38. Rd4 Ka6 39. a3 Bc2 40. Rb4 Ka5 41. Ke3 h5 42. Kd2 Bb1 43. Rd4 1-0

[Event "FIN-chT1B 1617"]
[Site "Finland"]
[Date "2017.03.11"]
[Round "7.2"]
[White "Joentausta, Hannu"]
[Black "Suominen, Antti"]
[Result "1/2-1/2"]
[WhiteElo "2128"]
[BlackElo "2034"]
[PlyCount "121"]
[EventDate "2016.09.17"]
[EventType "team-tourn"]
[EventRounds "7"]
[EventCountry "FIN"]
[SourceTitle "EXT 2019"]
[Source "ChessBase"]
[SourceDate "2018.10.10"]
[SourceVersion "1"]
[SourceVersionDate "2018.10.10"]
[SourceQuality "1"]
[WhiteTeam "Lahti S"]
[BlackTeam "Helsinki KSK"]
[WhiteTeamCountry "FIN"]
[BlackTeamCountry "FIN"]

1. e4 c6 2. d3 d5 3. Nd2 e5 4. Ngf3 Bd6 5. g3 Nf6 6. Bg2 0-0 7. 0-0 Nbd7 8. Qe2 Re8 9. h3 Nf8 10. Kh2 Ng6 11. Re1 h6 12. Nf1 Bd7 13. Ne3 dxe4 14. dxe4 Nxe4 15. Nc4 f5 16. Nfd2 Bb4 17. Bxe4 fxe4 18. c3 Bf8 19. Nxe4 Be6 20. Be3 Bd5 21. Ncd2 Qc7 22. c4 Be6 23. Nc5 Bc8 24. Qh5 Qf7 25. Rad1 b6 26. Nce4 Be6 27. b3 Rad8 28. Nf3 Bb4 29. Rf1 Bf5 30. Nfd2 Qe6 31. g4 Bxe4 32. Nxe4 Nf4 33. Qf5 Qxf5 34. gxf5 Rf8 35. f6 Rxd1 36. Rxd1 gxf6 37. Bxf4 exf4 38. Rd7 Rf7 39. f3 f5 40. Rxf7 Kxf7 41. Nf2 Bd6 42. Kg2 Kf6 43. Nd3 a6 44. Kf2 Ke6 45. Ke2 a5 46. a4 Bc7 47. Kd2 Kf6 48. Ke2 Be5 49. Kf1 Bc3 50. Ke2 Kg5 51. Kf1 Bd2 52. Ne5 Kh4 53. Kg2 Kg5 54. Nxc6 Bc3 55. Ne7 Bd4 56. Nd5 Be3 57. b4 axb4 58. Nxb4 Bc5 59. Nd5 Bd4 60. Kf1 Bc5 61. Kg2 1/2-1/2

[Event "FIN-chT1B 1617"]
[Site "Finland"]
[Date "2017.01.14"]
[Round "5.2"]
[White "Suominen, Antti"]
[Black "Jouhki, Yrjo Markus"]
[Result "0-1"]
[WhiteElo "2034"]
[BlackElo "2277"]
[PlyCount "76"]
[EventDate "2016.09.17"]
[EventType "team-tourn"]
[EventRounds "7"]
[EventCountry "FIN"]
[SourceTitle "EXT 2019"]
[Source "ChessBase"]
[SourceDate "2018.10.10"]
[SourceVersion "1"]
[SourceVersionDate "2018.10.10"]
[SourceQuality "1"]
[WhiteTeam "Helsinki KSK"]
[BlackTeam "Joensuu SK"]
[WhiteTeamCountry "FIN"]
[BlackTeamCountry "FIN"]

1. e4 c5 2. d4 cxd4 3. c3 Nf6 4. e5 Nd5 5. Nf3 d6 6. cxd4 e6 7. Bc4 Be7 8. 0-0 0-0 9. Nc3 Nxc3 10. bxc3 Nd7 11. Qe2 dxe5 12. Nxe5 Nxe5 13. Qxe5 Bd7 14. Bd3 Bc6 15. Qh5 g6 16. Qh3 Qa5 17. Bd2 Bf6 18. Qe3 Rad8 19. Rfd1 e5 20. c4 exd4 21. Bxa5 dxe3 22. Bxd8 Bxa1 23. Bh4 Bd4 24. Be2 exf2+ 25. Bxf2 Bxf2+ 26. Kxf2 Rc8 27. Bg4 Rc7 28. Rd8+ Kg7 29. g3 Kf6 30. Ke3 Ke5 31. Be2 b6 32. Rh8 h5 33. h4 Bd7 34. Ra8 Be6 35. Re8 Rc5 36. Bd3 Ra5 37. Bb1 Ra3+ 38. Kf2 Kd6 0-1

[Event "Helsinki We KapSK"]
[Site "Helsinki"]
[Date "2016.11.26"]
[Round "3"]
[White "Ertbjerg, Per"]
[Black "Suominen, Antti"]
[Result "1/2-1/2"]
[WhiteElo "1976"]
[BlackElo "1994"]
[PlyCount "108"]
[EventDate "2016.11.26"]
[EventType "swiss"]
[EventRounds "5"]
[EventCountry "FIN"]
[SourceTitle "EXT 2022"]
[Source "ChessBase"]
[SourceDate "2021.10.06"]
[SourceVersion "1"]
[SourceVersionDate "2021.10.06"]
[SourceQuality "1"]

1. d4 Nf6 2. c4 c5 3. d5 b5 4. cxb5 a6 5. f3 axb5 6. e4 Qa5+ 7. Bd2 b4 8. Na3 d6 9. Bb5+ Bd7 10. Bxd7+ Nbxd7 11. Nc4 Qa6 12. Qe2 g6 13. f4 Bg7 14. Nf3 0-0 15. 0-0 Nb6 16. Rfc1 Nfd7 17. e5 Nxc4 18. Qxc4 Qxc4 19. Rxc4 dxe5 20. fxe5 Nxe5 21. Nxe5 Bxe5 22. Be3 b3 23. a4 Rfd8 24. Rxc5 Bxb2 25. Rb1 Ba3 26. Rb5 b2 27. Bd4 Rxa4 28. Bxb2 Bxb2 29. R1xb2 Rd4 30. Rb7 R4xd5 31. Rxe7 Rd1+ 32. Kf2 R1d2+ 33. Re2 Rxb2 34. Rxb2 Rd3 35. Rc2 Kg7 36. Rb2 g5 37. Rc2 Kg6 38. Rb2 g4 39. Rc2 h5 40. g3 Rf3+ 41. Kg2 Kg5 42. Rc8 Ra3 43. Rc5+ f5 44. Rc8 Ra2+ 45. Kg1 Kf6 46. Re8 Ra5 47. Kf2 Ra2+ 48. Kg1 Kf7 49. Re5 Kf6 50. Re8 h4 51. gxh4 f4 52. Rg8 Kf5 53. Rg5+ Ke4 54. Rxg4 Kf3 1/2-1/2

[Event "Helsinki We HSL kesaturnaus A"]
[Site "Helsinki"]
[Date "2016.07.01"]
[Round "1"]
[White "Virtanen, Teemu"]
[Black "Suominen, Antti"]
[Result "1-0"]
[WhiteElo "2162"]
[BlackElo "2026"]
[PlyCount "57"]
[EventDate "2016.07.01"]
[EventType "swiss"]
[EventRounds "5"]
[EventCountry "FIN"]
[SourceTitle "EXT 2022"]
[Source "ChessBase"]
[SourceDate "2021.10.06"]
[SourceVersion "1"]
[SourceVersionDate "2021.10.06"]
[SourceQuality "1"]

1. c4 e5 2. Nc3 Nf6 3. g3 c6 4. d4 exd4 5. Qxd4 d5 6. Bg2 Be6 7. cxd5 cxd5 8. Nf3 Nc6 9. Qa4 Bc5 10. 0-0 0-0 11. Qb5 Bb6 12. Na4 h6 13. Rd1 Re8 14. Nxb6 Qxb6 15. Qxb6 axb6 16. Be3 Ra6 17. a3 Na5 18. Rac1 Nc4 19. Bd4 Nd7 20. e4 dxe4 21. Nd2 Nxd2 22. Rxd2 f5 23. Rc7 Rd8 24. Rxb7 Nc5 25. Rxg7+ Kf8 26. Rh7 Nb3 27. Bg7+ Ke7 28. Bxh6+ Bf7 29. Bg5+ 1-0

[Event "FIN-chT1B 1516"]
[Site "Finland"]
[Date "2015.09.12"]
[Round "1.6"]
[White "Vahauski, Toni"]
[Black "Suominen, Antti"]
[Result "1/2-1/2"]
[WhiteElo "1969"]
[BlackElo "2054"]
[PlyCount "113"]
[EventDate "2015.09.12"]
[EventType "team-tourn"]
[EventRounds "8"]
[EventCountry "FIN"]
[SourceTitle "EXT 2017"]
[Source "ChessBase"]
[SourceDate "2016.10.25"]
[SourceVersion "1"]
[SourceVersionDate "2016.10.25"]
[SourceQuality "1"]
[WhiteTeam "Hameenlinna"]
[BlackTeam "Helsinki KSK"]
[WhiteTeamCountry "FIN"]
[BlackTeamCountry "FIN"]

1. d4 Nf6 2. c4 c5 3. d5 b5 4. cxb5 a6 5. e3 d6 6. Nc3 g6 7. Bc4 Bg7 8. Nf3 0-0 9. 0-0 axb5 10. Bxb5 Ba6 11. Bxa6 Rxa6 12. Qd3 Qa5 13. Bd2 Nbd7 14. b3 Rfa8 15. Na4 Qc7 16. Rac1 Nb6 17. Nxb6 Qxb6 18. a4 Rb8 19. Rb1 Ra7 20. Bc3 Nd7 21. Bxg7 Kxg7 22. Nd2 Qb4 23. f4 Rab7 24. Ra1 f5 25. a5 Nf6 26. Ra4 Qb5 27. Qc4 Ra7 28. Rfa1 Ng4 29. Qc3+ Kf7 30. h3 Nf6 31. Qc4 Qb7 32. e4 fxe4 33. Nxe4 Qxd5 34. Nxf6 Qxc4 35. bxc4 Kxf6 36. g4 Rb2 37. R1a2 Rxa2 38. Rxa2 e5 39. fxe5+ Kxe5 40. a6 Kd4 41. Rd2+ Kxc4 42. Rxd6 Kb5 43. g5 c4 44. Kf2 Rxa6 45. Rd7 c3 46. Ke2 Ra2+ 47. Kd1 Rh2 48. Rxh7 Kc4 49. Rc7+ Kd3 50. Rd7+ Ke4 51. Rf7 Rxh3 52. Rf6 Rg3 53. Rxg6 Kf5 54. Rc6 Kxg5 55. Kc2 Kf4 56. Rxc3 Rxc3+ 57. Kxc3 1/2-1/2

[Event "Helsinki We HSK:n XVII syys"]
[Site "Helsinki"]
[Date "2015.08.23"]
[Round "4"]
[White "Suominen, Antti"]
[Black "Blinov, Jurij"]
[Result "1/2-1/2"]
[WhiteElo "2054"]
[BlackElo "1923"]
[PlyCount "63"]
[EventDate "2015.08.21"]
[EventType "swiss"]
[EventRounds "5"]
[EventCountry "FIN"]
[SourceTitle "EXT 2022"]
[Source "ChessBase"]
[SourceDate "2021.10.06"]
[SourceVersion "1"]
[SourceVersionDate "2021.10.06"]
[SourceQuality "1"]

1. e4 e6 2. d4 d5 3. e5 c5 4. c3 Bd7 5. Nf3 Nc6 6. a3 Rb8 7. b4 cxd4 8. cxd4 Nge7 9. Bd3 h6 10. Nc3 Nc8 11. 0-0 a6 12. Na4 N6a7 13. Bc2 Bb5 14. Re1 Be7 15. Nc3 Bc4 16. Nd2 Nb6 17. Nxc4 Nxc4 18. Qg4 Bf8 19. f4 h5 20. Qh3 Nc6 21. Ne2 Qb6 22. Rd1 g6 23. Kh1 Ne7 24. Ba4+ Kd8 25. Qd3 Rc8 26. Ng1 Nf5 27. Nf3 Be7 28. Ng5 Bxg5 29. fxg5 Ke7 30. Bf4 h4 31. Ra2 Qc7 32. Rc2 1/2-1/2